01908nam a2200265Ia 4500001000600000003000900006008004100015040001300056040001300069041001300082100001100095100002900106245006200135245006200197250001100259260001200270260001800282260004900300300005700349500112200406650002801528650003101556700002601587700002901613B3576IT-RoPAU130308s9999 xx 000 0 und d aIT-RoPAU cIT-RoPAU aSPAGNOLO aAA.VV. gCodice Aut. SPICS: 12000 aT.V. cultura-Los jovenes en el proceso de enculturizacion bT.V. Cultura-Los Jovenes En El proceso de Enculturizacion a1a ed. aBOGOTA' bNueva America c1989 [1° Ed.:1989 - Ed.Ling.Originale:1989] a"408 p. (prefazione: no ; testo: 408 [pagine: 0-0])" aCultura Televisiva: Giovani nel Processo D'Inculturazione. Fondamenti Teorici. Situazione internazionale e Nazionale della Comunicazione in Televisione: Nuovo Ordine Mondiale dell'informazione e flusso dei programmi Televisivi nel Mondo e in America Latina, Mediazione della Televisione Nei Processid'Inculturazione, Conformazione del Contesto Culturale Bogotano del giovane Teleutente, Fenomeni Psicosociali Nei Processi di Percezione Televisiva, Educazione Alla Percezione Attiva della Televisione. Qualificazione dell'Informazione. Mediazione della Famiglia con Il Contesto Socioculturale del giovane Utente: caratteristiche delle relazioni Familiari, Funzioni Sociali della Famiglia. Analisi dei Generi Televisivi Preferiti: Struttura Narrativadella Telenovella, Serials, Telegiornali, commedia Televisiva, Pubblicita'E Concorsi Televisivi, Trasmissioni Sportive. consumo dei prodotti Televisivi di Comunicazione. Preferenze delle Offerte televisive Sugli Altri Media. Mediazione Sociale della Televisione e I Processi Percettivi del Giovane.Televisione Come istituzione Promotrice D'Inculturazione. Bibliografia. aSAGGI SULLA TELEVISIONE eCodice materia Spics: 6961 aHernandez Gladys Daza gCodice Aut. SPICS: 37732